000 01810nam a2200289Ia 4500
005 20200924105440.0
008 130821s1791 sp a frdd spa
040 _aCo-BoUCM
_bspa
_cSandra Yazo
_dSandra Yazo
041 0 _aspa
082 0 4 _aR796
_220
092 _aE15N060
245 0 0 _aEncyclopedia metódica.
_bArtes académicos
_ctraducido del francés al castellano a saber, el arte de la equitación por don Baltasar de Irurzun; y el del bayle, de esgrima y de nadar, por don Gregorio Sanz.
260 _aMadrid (España)
_bImprenta de Sancha
_c1791
300 _a[[6] ; 546, [4] páginas
_bilustraciones
490 _aEncyclopedia metódica, dispuesta por orden de materias.
500 _aDetalles físicos: Encuadernación rígida en cartón forrada en cuero café, lomo con decoración en dorado, figuras repujadas entre las nervaduras que sobresalientes. Conserva guardas en papel de agua, anteportada y portada impresa a una sola tinta
505 0 _aArte de equitación: Términos desde la ABA hasta la CAZ. ; Apéndice o suplemento a la palabra caballeriza. -- Arte bailar: Términos desde la ABA hasta la BAR. -- Arte de nadar de su utilidad: Términos desde la A hasta la ART.
506 _aConsulta en sala
650 7 _aArtes
_vEnciclopedias
_99547
650 7 _aDeportes
_vEnciclopedias
_9388
650 7 _aEnciclopedias y diccionarios
_914174
690 7 _aEnciclopedias y diccionarios
_914174
700 1 _aIrurzun, Baltasar de
_9101193
700 1 _aSanz, Gregorio
_9101194
856 4 1 _zDisponible en línea
_uhttp://books.google.com/books?id=UF1DmgV167cC&printsec=frontcover&dq=encyclopedia+metodica&hl=es&ei=r57PTtLrK6Pf0QHj-4g2&sa=X&oi=book_result&ct=result&resnum=6&ved=0CEQQ6AEwBQ#v=onepage&q=encyclopedia%20metodica&f=false
942 _cLIBRO
_a1
_e1
_2LOCAL
_hE15N060
999 _c76897
_d76897